[Event "ODJM B 2023"]
[Site "Willingen GER"]
[Date "2023.05.29"]
[Round "3"]
[White "Blome, Johannes"]
[Black "Kratz, Alexander"]
[Result "1-0"]
[Termination "normal"]
[Board "1"]
[WhiteElo "1849"]
[BlackElo "1773"]
[WhiteClock "00:01:02"]
[BlackClock "00:00:46"]
[PlyCount "73"]
[WhiteFideId "16233972"]
[BlackFideId "16228529"]
[EventCountry "GER"]
[EventRounds "9"]
[EventType "swiss"]
[EventDate "2023.05.27"]

1. e4 {[%clk 01:30:58]} {[%emt 00:00:25]} c5 {[%clk 01:30:55]} {[%emt
00:00:07]} 2. b4 {[%clk 01:31:24]} {[%emt 00:00:02]} cxb4 {[%clk 01:28:52]}
{[%emt 00:02:33]} 3. d4 {[%clk 01:31:46]} {[%emt 00:00:08]} d5 {[%clk
01:23:54]} {[%emt 00:05:28]} 4. exd5 {[%clk 01:31:12]} {[%emt 00:01:04]} Qxd5
{[%clk 01:21:22]} {[%emt 00:03:02]} 5. c4 {[%clk 01:31:31]} {[%emt 00:00:12]}
Qe4+ {[%clk 01:14:15]} {[%emt 00:07:37]} 6. Be3 {[%clk 01:30:27]} {[%emt
00:01:34]} e6 {[%clk 01:05:18]} {[%emt 00:09:27]} 7. Nf3 {[%clk 01:23:49]}
{[%emt 00:07:07]} Nd7 {[%clk 00:57:44]} {[%emt 00:08:04]} 8. Bd3 {[%clk
01:21:20]} {[%emt 00:02:59]} Qc6 {[%clk 00:57:59]} {[%emt 00:00:15]} 9. Nbd2
{[%clk 01:17:52]} {[%emt 00:03:58]} Ngf6 {[%clk 00:56:26]} {[%emt 00:02:03]}
10. O-O {[%clk 01:15:20]} {[%emt 00:03:02]} Be7 {[%clk 00:52:51]} {[%emt
00:04:06]} 11. Qb3 {[%clk 01:12:49]} {[%emt 00:03:00]} b6 {[%clk 00:45:28]}
{[%emt 00:07:53]} 12. d5 {[%clk 01:07:06]} {[%emt 00:06:13]} Qc7 {[%clk
00:29:52]} {[%emt 00:16:06]} 13. Nd4 {[%clk 00:43:12]} {[%emt 00:24:24]} Nc5
{[%clk 00:21:22]} {[%emt 00:09:00]} 14. Nb5 {[%clk 00:39:37]} {[%emt 00:04:04]}
Qb8 {[%clk 00:21:26]} {[%emt 00:00:27]} 15. Qc2 {[%clk 00:34:18]} {[%emt
00:05:49]} Nxd3 {[%clk 00:19:10]} {[%emt 00:02:46]} 16. Qxd3 {[%clk 00:34:39]}
{[%emt 00:00:09]} exd5 {[%clk 00:14:41]} {[%emt 00:05:00]} 17. cxd5 {[%clk
00:32:48]} {[%emt 00:02:20]} O-O {[%clk 00:13:49]} {[%emt 00:01:21]} 18. d6
{[%clk 00:27:40]} {[%emt 00:05:38]} Rd8 {[%clk 00:09:52]} {[%emt 00:04:19]} 19.
Bf4 {[%clk 00:27:22]} {[%emt 00:00:56]} Ba6 {[%clk 00:09:43]} {[%emt 00:00:40]}
20. Qf3 {[%clk 00:16:15]} {[%emt 00:11:33]} Bf8 {[%clk 00:06:18]} {[%emt
00:03:59]} 21. Nc7 {[%clk 00:08:51]} {[%emt 00:07:54]} Bxf1 {[%clk 00:06:25]}
{[%emt 00:00:23]} 22. Rxf1 {[%clk 00:07:46]} {[%emt 00:01:34]} Bxd6 {[%clk
00:04:58]} {[%emt 00:02:00]} 23. Bxd6 {[%clk 00:04:47]} {[%emt 00:03:27]} Rxd6
{[%clk 00:05:26]} {[%emt 00:00:01]} 24. Nc4 {[%clk 00:04:30]} {[%emt 00:00:47]}
Rd8 {[%clk 00:05:31]} {[%emt 00:00:25]} 25. Nxa8 {[%clk 00:03:48]} {[%emt
00:01:13]} Qxa8 {[%clk 00:05:59]} {[%emt 00:00:02]} 26. Qxa8 {[%clk 00:03:58]}
{[%emt 00:00:20]} Rxa8 {[%clk 00:06:27]} {[%emt 00:00:02]} 27. Rd1 {[%clk
00:02:46]} {[%emt 00:01:42]} Rc8 {[%clk 00:06:17]} {[%emt 00:00:40]} 28. Ne3
{[%clk 00:03:10]} {[%emt 00:00:06]} g6 {[%clk 00:05:54]} {[%emt 00:00:53]} 29.
f3 {[%clk 00:03:20]} {[%emt 00:00:19]} Rc3 {[%clk 00:05:52]} {[%emt 00:00:32]}
30. Kf2 {[%clk 00:03:21]} {[%emt 00:00:29]} b3 {[%clk 00:05:04]} {[%emt
00:01:19]} 31. axb3 {[%clk 00:01:58]} {[%emt 00:01:53]} Rxb3 {[%clk 00:05:32]}
{[%emt 00:00:02]} 32. g4 {[%clk 00:02:12]} {[%emt 00:00:16]} a5 {[%clk
00:04:17]} {[%emt 00:01:45]} 33. g5 {[%clk 00:02:37]} {[%emt 00:00:05]} Rb2+
{[%clk 00:04:42]} {[%emt 00:00:04]} 34. Kg1 {[%clk 00:01:48]} {[%emt 00:01:19]}
Nh5 {[%clk 00:05:06]} {[%emt 00:00:06]} 35. Ng4 {[%clk 00:02:08]} {[%emt
00:00:11]} Nf4 {[%clk 00:01:38]} {[%emt 00:03:58]} 36. Kf1 {[%clk 00:00:57]}
{[%emt 00:01:41]} Nh3 {[%clk 00:00:46]} {[%emt 00:01:22]} 37. f4 {[%clk
00:01:02]} {[%emt 00:00:25]} 1-0

[Event "ODJM B 2023"]
[Site "Willingen GER"]
[Date "2023.05.29"]
[Round "3"]
[White "Stülcken, Philipp"]
[Black "Andrade, Ruben"]
[Result "0-1"]
[Termination "normal"]
[Board "2"]
[WhiteElo "1617"]
[BlackElo "1753"]
[WhiteClock "00:17:59"]
[BlackClock "00:09:24"]
[PlyCount "50"]
[WhiteFideId "12986232"]
[BlackFideId "16246829"]
[EventCountry "GER"]
[EventRounds "9"]
[EventType "swiss"]
[EventDate "2023.05.27"]

1. e4 {[%clk 01:30:40]} {[%emt 00:00:18]} e5 {[%clk 01:30:43]} {[%emt
00:00:18]} 2. Nf3 {[%clk 01:31:03]} {[%emt 00:00:06]} Nc6 {[%clk 01:31:09]}
{[%emt 00:00:04]} 3. d4 {[%clk 01:31:16]} {[%emt 00:00:17]} exd4 {[%clk
01:31:35]} {[%emt 00:00:05]} 4. Bc4 {[%clk 01:31:39]} {[%emt 00:00:07]} Bc5
{[%clk 01:31:57]} {[%emt 00:00:07]} 5. c3 {[%clk 01:31:52]} {[%emt 00:00:17]}
Nf6 {[%clk 01:32:21]} {[%emt 00:00:05]} 6. e5 {[%clk 01:32:07]} {[%emt
00:00:16]} d5 {[%clk 01:32:47]} {[%emt 00:00:04]} 7. Bb5 {[%clk 01:32:27]}
{[%emt 00:00:11]} Ne4 {[%clk 01:33:10]} {[%emt 00:00:06]} 8. cxd4 {[%emt
00:00:18]} Bb6 {[%clk 01:33:35]} {[%emt 00:00:03]} 9. Nc3 {[%clk 01:30:30]}
{[%emt 00:02:42]} O-O {[%clk 01:33:27]} {[%emt 00:00:38]} 10. O-O {[%clk
01:27:18]} {[%emt 00:03:41]} Bg4 {[%clk 01:30:01]} {[%emt 00:03:56]} 11. Be3
{[%clk 01:26:04]} {[%emt 00:01:45]} f6 {[%clk 01:28:13]} {[%emt 00:02:18]} 12.
Nxe4 {[%clk 01:06:08]} {[%emt 00:20:26]} dxe4 {[%clk 01:28:25]} {[%emt
00:00:18]} 13. Qb3+ {[%clk 01:06:31]} {[%emt 00:00:06]} Kh8 {[%clk 01:28:36]}
{[%emt 00:00:18]} 14. Bxc6 {[%clk 01:04:16]} {[%emt 00:02:46]} bxc6 {[%clk
01:26:52]} {[%emt 00:02:14]} 15. Nd2 {[%emt 00:02:08]} Bxd4 {[%clk 01:06:36]}
{[%emt 00:20:45]} 16. exf6 {[%clk 00:59:55]} {[%emt 00:03:14]} Bxf6 {[%clk
01:06:58]} {[%emt 00:00:08]} 17. Nxe4 {[%clk 00:59:03]} {[%emt 00:01:23]} Rb8
{[%clk 01:06:22]} {[%emt 00:01:06]} 18. Qc4 {[%clk 00:57:11]} {[%emt 00:02:21]}
Bxb2 {[%clk 01:02:53]} {[%emt 00:03:59]} 19. Rab1 {[%clk 00:50:38]} {[%emt
00:07:03]} Qd5 {[%clk 00:57:48]} {[%emt 00:05:35]} 20. Qc5 {[%clk 00:40:07]}
{[%emt 00:11:01]} Rfe8 {[%clk 00:30:33]} {[%emt 00:27:44]} 21. Ng3 {[%clk
00:34:43]} {[%emt 00:05:55]} Qxc5 {[%clk 00:28:59]} {[%emt 00:02:03]} 22. Bxc5
{[%clk 00:35:07]} {[%emt 00:00:07]} Bf6 {[%clk 00:12:48]} {[%emt 00:16:41]} 23.
Bxa7 {[%clk 00:34:06]} {[%emt 00:01:31]} Ra8 {[%clk 00:12:28]} {[%emt
00:00:50]} 24. Rb7 {[%clk 00:33:52]} {[%emt 00:00:44]} Be5 {[%clk 00:12:26]}
{[%emt 00:00:31]} 25. Rfb1 {[%clk 00:17:59]} {[%emt 00:16:24]} Bc8 {[%clk
00:09:24]} {[%emt 00:03:31]} 0-1

[Event "ODJM B 2023"]
[Site "Willingen GER"]
[Date "2023.05.29"]
[Round "3"]
[White "Kuhlmann, Nils Magnus"]
[Black "Storm, Max"]
[Result "1-0"]
[Termination "normal"]
[Board "3"]
[WhiteElo "1553"]
[BlackElo "1703"]
[WhiteClock "00:09:51"]
[BlackClock "00:01:47"]
[PlyCount "67"]
[WhiteFideId "16287177"]
[BlackFideId "34625658"]
[EventCountry "GER"]
[EventRounds "9"]
[EventType "swiss"]
[EventDate "2023.05.27"]

1. e4 {[%clk 01:30:58]} {[%emt 00:02:19]} c5 {[%clk 01:30:53]} {[%emt
00:00:08]} 2. Nc3 {[%clk 01:31:13]} {[%emt 00:00:15]} Nc6 {[%clk 01:31:13]}
{[%emt 00:00:09]} 3. Nge2 {[%clk 01:31:03]} {[%emt 00:00:41]} e5 {[%clk
01:29:58]} {[%emt 00:01:45]} 4. g3 {[%clk 01:29:11]} {[%emt 00:02:22]} g6
{[%clk 01:28:49]} {[%emt 00:01:39]} 5. Bg2 {[%clk 01:29:23]} {[%emt 00:00:18]}
Bg7 {[%clk 01:28:06]} {[%emt 00:01:13]} 6. d3 {[%clk 01:28:35]} {[%emt
00:01:17]} Nge7 {[%clk 01:25:13]} {[%emt 00:03:22]} 7. O-O {[%clk 01:24:44]}
{[%emt 00:04:22]} O-O {[%clk 01:23:15]} {[%emt 00:02:28]} 8. Be3 {[%clk
01:23:37]} {[%emt 00:01:36]} d6 {[%clk 01:22:17]} {[%emt 00:01:29]} 9. Qd2
{[%clk 01:22:07]} {[%emt 00:02:01]} Nd4 {[%clk 01:20:26]} {[%emt 00:02:19]} 10.
f4 {[%clk 01:12:13]} {[%emt 00:10:25]} f5 {[%clk 01:15:21]} {[%emt 00:05:34]}
11. fxe5 {[%clk 01:11:02]} {[%emt 00:01:43]} dxe5 {[%clk 01:12:43]} {[%emt
00:03:07]} 12. Bg5 {[%clk 01:02:54]} {[%emt 00:08:37]} Bf6 {[%clk 01:02:24]}
{[%emt 00:10:49]} 13. Bxf6 {[%clk 01:01:54]} {[%emt 00:01:32]} Rxf6 {[%clk
01:02:05]} {[%emt 00:00:49]} 14. Kh1 {[%clk 00:54:16]} {[%emt 00:08:08]} Qc7
{[%clk 00:47:59]} {[%emt 00:14:35]} 15. exf5 {[%clk 00:44:57]} {[%emt
00:09:50]} gxf5 {[%clk 00:43:02]} {[%emt 00:05:25]} 16. Rae1 {[%clk 00:43:15]}
{[%emt 00:02:13]} Be6 {[%clk 00:35:22]} {[%emt 00:08:10]} 17. Ng1 {[%clk
00:34:47]} {[%emt 00:08:59]} Raf8 {[%clk 00:27:51]} {[%emt 00:07:59]} 18. Nf3
{[%clk 00:33:24]} {[%emt 00:01:55]} Nec6 {[%clk 00:27:14]} {[%emt 00:01:06]}
19. Ng5 {[%clk 00:31:29]} {[%emt 00:02:25]} Kh8 {[%clk 00:22:32]} {[%emt
00:05:12]} 20. Nxe6 {[%clk 00:27:50]} {[%emt 00:04:10]} Rxe6 {[%clk 00:22:53]}
{[%emt 00:00:08]} 21. Ne4 {[%clk 00:27:59]} {[%emt 00:00:22]} Qe7 {[%clk
00:20:45]} {[%emt 00:02:37]} 22. Nc3 {[%clk 00:23:59]} {[%emt 00:04:30]} Qg7
{[%clk 00:18:46]} {[%emt 00:02:27]} 23. Nd5 {[%clk 00:21:53]} {[%emt 00:02:38]}
Rg6 {[%clk 00:16:33]} {[%emt 00:02:42]} 24. c3 {[%clk 00:21:08]} {[%emt
00:01:17]} Ne6 {[%clk 00:15:16]} {[%emt 00:01:45]} 25. Re2 {[%clk 00:17:44]}
{[%emt 00:03:56]} h5 {[%clk 00:11:39]} {[%emt 00:04:06]} 26. Ref2 {[%clk
00:17:42]} {[%emt 00:00:32]} Rg5 {[%clk 00:11:00]} {[%emt 00:01:08]} 27. Bh3
{[%clk 00:17:41]} {[%emt 00:00:33]} Qg6 {[%clk 00:10:17]} {[%emt 00:01:11]} 28.
Ne3 {[%clk 00:11:39]} {[%emt 00:06:33]} Ne7 {[%clk 00:10:12]} {[%emt 00:00:34]}
29. Nc4 {[%clk 00:12:00]} {[%emt 00:00:11]} Nc6 {[%clk 00:03:20]} {[%emt
00:07:18]} 30. Qe3 {[%clk 00:09:48]} {[%emt 00:02:46]} Qf6 {[%clk 00:02:40]}
{[%emt 00:01:10]} 31. Rxf5 {[%clk 00:09:51]} {[%emt 00:00:26]} Qg6 32. Nxe5
{[%clk 00:09:51]} Nxe5 {[%clk 00:01:47]} 33. Qxe5+ {[%clk 00:09:51]} Kg8 {[%clk
00:01:47]} 34. Qxe6+ {[%clk 00:09:51]} 1-0

[Event "ODJM B 2023"]
[Site "Willingen GER"]
[Date "2023.05.29"]
[Round "3"]
[White "Khudagulyan, Xoren"]
[Black "Klahold, Rona"]
[Result "1-0"]
[Termination "normal"]
[Board "4"]
[WhiteElo "1698"]
[BlackElo "1592"]
[WhiteClock "00:05:47"]
[BlackClock "00:00:40"]
[PlyCount "77"]
[WhiteFideId "34618945"]
[BlackFideId "16222970"]
[EventCountry "GER"]
[EventRounds "9"]
[EventType "swiss"]
[EventDate "2023.05.27"]

1. d4 {[%clk 01:30:52]} {[%emt 00:00:07]} d5 {[%clk 01:30:50]} {[%emt
00:00:08]} 2. Nf3 {[%clk 01:31:12]} {[%emt 00:00:10]} Nf6 {[%clk 01:31:06]}
{[%emt 00:00:14]} 3. c4 {[%clk 01:31:36]} {[%emt 00:00:07]} e6 {[%clk
01:31:21]} {[%emt 00:00:15]} 4. Nc3 {[%clk 01:32:01]} {[%emt 00:00:05]} c6
{[%clk 01:31:19]} {[%emt 00:00:32]} 5. Bf4 {[%clk 01:29:09]} {[%emt 00:03:21]}
Nbd7 {[%clk 01:30:02]} {[%emt 00:01:47]} 6. h3 {[%clk 01:29:28]} {[%emt
00:00:12]} dxc4 {[%clk 01:26:19]} {[%emt 00:04:12]} 7. a4 {[%clk 01:27:44]}
{[%emt 00:02:14]} Nd5 {[%clk 01:24:36]} {[%emt 00:02:13]} 8. Bg5 {[%clk
01:23:15]} {[%emt 00:04:59]} f6 {[%clk 01:21:42]} {[%emt 00:03:24]} 9. Bd2
{[%clk 01:18:32]} {[%emt 00:05:13]} Nxc3 {[%clk 01:15:01]} {[%emt 00:07:12]}
10. bxc3 {[%clk 01:17:34]} {[%emt 00:01:28]} b5 {[%clk 01:09:26]} {[%emt
00:06:04]} 11. Qb1 {[%clk 01:13:19]} {[%emt 00:04:45]} a6 {[%clk 01:04:18]}
{[%emt 00:05:38]} 12. Qe4 {[%clk 00:58:14]} {[%emt 00:15:35]} Bb7 {[%clk
01:00:27]} {[%emt 00:04:22]} 13. Qxe6+ {[%clk 00:54:44]} {[%emt 00:04:00]} Qe7
{[%clk 00:56:15]} {[%emt 00:04:42]} 14. Qg4 {[%clk 00:47:15]} {[%emt 00:07:58]}
Nb6 {[%clk 00:49:26]} {[%emt 00:07:19]} 15. a5 {[%clk 00:36:38]} {[%emt
00:11:08]} Nd5 {[%clk 00:44:10]} {[%emt 00:05:46]} 16. e4 {[%clk 00:28:49]}
{[%emt 00:08:18]} Bc8 {[%clk 00:35:48]} {[%emt 00:08:52]} 17. Qh4 {[%clk
00:24:43]} {[%emt 00:04:35]} Bf5 {[%clk 00:32:19]} {[%emt 00:04:00]} 18. Ne5
{[%clk 00:17:42]} {[%emt 00:07:31]} fxe5 {[%clk 00:29:17]} {[%emt 00:03:32]}
19. Qxe7+ {[%clk 00:18:11]} {[%emt 00:00:01]} Nxe7 {[%clk 00:29:12]} {[%emt
00:00:36]} 20. exf5 {[%clk 00:18:36]} {[%emt 00:00:05]} exd4 {[%clk 00:29:25]}
{[%emt 00:00:16]} 21. g4 {[%clk 00:12:33]} {[%emt 00:06:34]} dxc3 {[%clk
00:24:04]} {[%emt 00:05:50]} 22. Bxc3 {[%clk 00:12:57]} {[%emt 00:00:06]} Nd5
{[%clk 00:24:06]} {[%emt 00:00:28]} 23. Bg2 {[%clk 00:13:09]} {[%emt 00:00:18]}
Rd8 {[%clk 00:21:55]} {[%emt 00:02:42]} 24. O-O-O {[%clk 00:13:04]} {[%emt
00:00:35]} Ba3+ {[%clk 00:19:32]} {[%emt 00:02:52]} 25. Kc2 {[%clk 00:12:04]}
{[%emt 00:01:30]} Kf7 {[%clk 00:17:26]} {[%emt 00:02:37]} 26. Bd4 {[%clk
00:07:15]} {[%emt 00:05:18]} Bb4 {[%clk 00:15:19]} {[%emt 00:02:38]} 27. Bb6
{[%clk 00:03:22]} {[%emt 00:04:23]} Nxb6 {[%clk 00:10:41]} {[%emt 00:05:07]}
28. axb6 {[%clk 00:03:51]} {[%emt 00:00:02]} Rxd1 {[%clk 00:09:46]} {[%emt
00:01:25]} 29. Rxd1 {[%clk 00:04:18]} {[%emt 00:00:03]} Bc5 {[%clk 00:04:26]}
{[%emt 00:05:50]} 30. b7 {[%clk 00:03:52]} {[%emt 00:00:56]} Ba7 {[%clk
00:02:17]} {[%emt 00:02:39]} 31. Rd7+ {[%clk 00:03:37]} {[%emt 00:00:45]} Kf6
{[%clk 00:02:33]} {[%emt 00:00:14]} 32. Rd6+ {[%clk 00:03:54]} {[%emt
00:00:13]} Ke5 {[%clk 00:01:10]} {[%emt 00:01:52]} 33. Rxc6 {[%clk 00:04:20]}
{[%emt 00:00:05]} Re8 {[%clk 00:00:45]} {[%emt 00:00:55]} 34. Rc8 {[%clk
00:04:18]} {[%emt 00:00:32]} Re7 {[%clk 00:00:46]} {[%emt 00:00:29]} 35. Ra8
{[%clk 00:04:25]} {[%emt 00:00:22]} Kd6 {[%clk 00:00:35]} {[%emt 00:00:41]} 36.
Rxa7 {[%clk 00:04:45]} {[%emt 00:00:10]} Re2+ {[%clk 00:00:39]} {[%emt
00:00:27]} 37. Kd1 {[%clk 00:04:59]} {[%emt 00:00:16]} Re8 {[%clk 00:00:37]}
{[%emt 00:00:32]} 38. Ra8 {[%clk 00:05:23]} {[%emt 00:00:05]} Rxa8 {[%clk
00:00:40]} {[%emt 00:00:28]} 39. bxa8=Q {[%clk 00:05:47]} {[%emt 00:00:05]} 0-1

[Event "ODJM B 2023"]
[Site "Willingen GER"]
[Date "2023.05.29"]
[Round "3"]
[White "Vollmar, Timo"]
[Black "Friemel, Tim"]
[Result "0-1"]
[Termination "normal"]
[Board "5"]
[WhiteElo "1817"]
[BlackElo "1692"]
[WhiteClock "00:35:48"]
[BlackClock "00:22:17"]
[PlyCount "56"]
[WhiteFideId "16253582"]
[BlackFideId "34607021"]
[EventCountry "GER"]
[EventRounds "9"]
[EventType "swiss"]
[EventDate "2023.05.27"]

1. e4 {[%clk 01:30:57]} {[%emt 00:00:04]} c6 {[%clk 01:30:38]} {[%emt
00:00:21]} 2. d4 {[%clk 01:30:57]} {[%emt 00:00:31]} d5 {[%clk 01:30:56]}
{[%emt 00:00:11]} 3. Nc3 {[%clk 01:31:18]} {[%emt 00:00:10]} dxe4 {[%clk
01:30:58]} {[%emt 00:00:27]} 4. Nxe4 {[%clk 01:31:36]} {[%emt 00:00:09]} Bf5
{[%clk 01:30:50]} {[%emt 00:00:39]} 5. Ng3 {[%clk 01:31:44]} {[%emt 00:00:22]}
Bg6 {[%clk 01:30:16]} {[%emt 00:01:04]} 6. Nf3 {[%clk 01:31:39]} {[%emt
00:00:37]} Nd7 {[%clk 01:29:45]} {[%emt 00:01:00]} 7. h4 {[%clk 01:31:44]}
{[%emt 00:00:25]} h6 {[%clk 01:29:53]} {[%emt 00:00:22]} 8. h5 {[%clk
01:32:00]} {[%emt 00:00:15]} Bh7 {[%clk 01:30:06]} {[%emt 00:00:17]} 9. Bd3
{[%clk 01:32:22]} {[%emt 00:00:08]} Bxd3 {[%clk 01:28:53]} {[%emt 00:01:42]}
10. Qxd3 {[%clk 01:32:36]} {[%emt 00:00:17]} Ngf6 {[%clk 01:27:51]} {[%emt
00:01:31]} 11. Bd2 {[%clk 01:31:39]} {[%emt 00:01:27]} e6 {[%clk 01:27:03]}
{[%emt 00:01:19]} 12. O-O-O {[%clk 01:31:33]} {[%emt 00:00:36]} Bd6 {[%clk
01:25:40]} {[%emt 00:01:52]} 13. Ne4 {[%clk 01:31:19]} {[%emt 00:00:46]} Nxe4
{[%clk 01:22:54]} {[%emt 00:03:15]} 14. Qxe4 {[%clk 01:31:31]} {[%emt
00:00:18]} Nf6 {[%clk 01:22:48]} {[%emt 00:00:36]} 15. Qe2 {[%clk 01:29:48]}
{[%emt 00:02:11]} Qc7 {[%clk 01:18:13]} {[%emt 00:05:06]} 16. g3 {[%clk
01:27:59]} {[%emt 00:02:20]} O-O-O {[%clk 01:15:27]} {[%emt 00:03:15]} 17. Kb1
{[%clk 01:23:51]} {[%emt 00:04:38]} Rhe8 {[%clk 00:58:54]} {[%emt 00:17:03]}
18. c4 {[%clk 01:15:11]} {[%emt 00:09:11]} Qe7 {[%clk 00:48:06]} {[%emt
00:11:18]} 19. Ba5 {[%clk 00:57:18]} {[%emt 00:18:23]} Bc7 {[%clk 00:46:08]}
{[%emt 00:02:28]} 20. Bc3 {[%clk 00:56:15]} {[%emt 00:01:32]} c5 {[%clk
00:37:11]} {[%emt 00:09:27]} 21. dxc5 {[%clk 00:53:27]} {[%emt 00:03:18]} Qxc5
{[%clk 00:37:03]} {[%emt 00:00:39]} 22. Bd4 {[%clk 00:51:49]} {[%emt 00:02:08]}
Qa5 {[%clk 00:34:14]} {[%emt 00:03:19]} 23. Rd3 {[%clk 00:43:55]} {[%emt
00:08:23]} Qf5 {[%clk 00:28:18]} {[%emt 00:06:26]} 24. Nh4 {[%clk 00:38:08]}
{[%emt 00:06:18]} Qh7 {[%clk 00:26:48]} {[%emt 00:02:00]} 25. Rhd1 {[%clk
00:37:07]} {[%emt 00:01:31]} Rxd4 {[%clk 00:25:58]} {[%emt 00:01:20]} 26. Ka1
{[%clk 00:35:50]} {[%emt 00:01:47]} Rxd3 {[%clk 00:25:49]} {[%emt 00:00:40]}
27. Rxd3 {[%clk 00:36:13]} {[%emt 00:00:05]} Qe4 {[%clk 00:25:48]} {[%emt
00:00:31]} 28. Qc2 {[%clk 00:35:48]} {[%emt 00:00:57]} Rd8 {[%clk 00:22:17]}
{[%emt 00:04:00]} 0-1

[Event "ODJM B 2023"]
[Site "Willingen GER"]
[Date "2023.05.29"]
[Round "3"]
[White "Dorendorf, Mika"]
[Black "Ermert, Karl Hans Ragnar"]
[Result "1-0"]
[Termination "normal"]
[Board "6"]
[WhiteElo "1782"]
[BlackElo "1584"]
[WhiteClock "01:12:29"]
[BlackClock "00:30:48"]
[PlyCount "35"]
[WhiteFideId "16283066"]
[BlackFideId "16275675"]
[EventCountry "GER"]
[EventRounds "9"]
[EventType "swiss"]
[EventDate "2023.05.27"]

1. d4 {[%clk 01:30:59]} {[%emt 06:27:42]} e6 {[%clk 01:30:54]} {[%emt
00:00:07]} 2. c4 {[%clk 01:31:27]} {[%emt 00:00:01]} Nf6 {[%clk 01:31:16]}
{[%emt 00:00:07]} 3. Nc3 {[%clk 01:31:54]} {[%emt 00:00:03]} Bb4 {[%clk
01:31:41]} {[%emt 00:00:05]} 4. e3 {[%clk 01:32:21]} {[%emt 00:00:03]} b6
{[%clk 01:31:54]} {[%emt 00:00:18]} 5. Nf3 {[%clk 01:32:45]} {[%emt 00:00:05]}
Bb7 {[%clk 01:32:05]} {[%emt 00:00:19]} 6. Bd3 {[%clk 01:33:09]} {[%emt
00:00:06]} O-O {[%clk 01:31:50]} {[%emt 00:00:44]} 7. O-O {[%clk 01:33:30]}
{[%emt 00:00:09]} Bxc3 {[%clk 01:32:07]} {[%emt 00:00:14]} 8. bxc3 {[%clk
01:33:56]} {[%emt 00:00:05]} Ne4 {[%clk 01:32:03]} {[%emt 00:00:33]} 9. Qc2
{[%clk 01:33:42]} {[%emt 00:00:44]} f5 {[%clk 01:32:10]} {[%emt 00:00:22]} 10.
Ba3 {[%clk 01:32:09]} {[%emt 00:02:04]} Rf6 {[%clk 01:32:15]} {[%emt 00:00:24]}
11. Nd2 {[%clk 01:30:57]} {[%emt 00:01:43]} Nxd2 {[%clk 01:28:09]} {[%emt
00:04:37]} 12. Qxd2 {[%clk 01:31:25]} {[%emt 00:00:01]} Rg6 {[%clk 01:26:16]}
{[%emt 00:02:22]} 13. f3 {[%clk 01:29:35]} {[%emt 00:02:22]} Qg5 {[%clk
01:11:19]} {[%emt 00:15:26]} 14. Rf2 {[%clk 01:25:53]} {[%emt 00:04:13]} Qh4
{[%clk 01:05:18]} {[%emt 00:06:30]} 15. e4 {[%clk 01:15:48]} {[%emt 00:10:36]}
Rh6 {[%clk 00:41:21]} {[%emt 00:24:26]} 16. g3 {[%clk 01:13:27]} {[%emt
00:02:51]} Qh5 {[%clk 00:39:04]} {[%emt 00:02:46]} 17. Qf4 {[%clk 01:12:37]}
{[%emt 00:01:21]} fxe4 {[%clk 00:30:48]} {[%emt 00:08:46]} 18. Qf8# {[%clk
01:12:29]} {[%emt 00:00:03]} 1-0